000 00599nam a2200229Ia 4500
003 OSt
005 20220928131200.0
006 a|||||r|||| 00| 0
007 ta
008 220927b |||||||| |||| 00| 0 eng d
024 _a52177
037 _cTextual
040 _aSDCL
_cSDCL
_beng
041 _2eng
_aeng
082 _aV21'M, L7
100 _aMahalingam T V
_9477300
245 0 _aReadings in South Indian History
260 _aDelhi
_bB R Publishing House
_c1977
300 _axxiv,229p
_ccm.
942 _hV21'M, L7
_cTEXL
_2CC
999 _c789805
_d789805